LEADER 01116nam a2200253 i 4500 001 000000019947 003 CaOOAMICUS 005 20210222110106.0 008 180830s1956 fr u000 u und u 040 $aSeMil$bita 100 1 $aLas Cases, Emmanuel-Augustin-Dieudonne : comte de.$0(OLS)http://semarc/name/8912 245 13$aLe mémorial de Sainte-Hélène /$cle comte de Las Cases ; avant-propos d' André Maurois ; introduction de Jean Prévost ; texte établi et commenté par Gérard Walter. 260 $aParis :$bGallimard,$c1956- 300 $a2 v. ;$c18 cm. 500 $aFondo Ciprandi. 700 1 $aWalter, Gérard.$0(OLS)http://semarc/name/7576 700 1 $aMaurois, André,$d<1885-1967>.$0(OLS)http://semarc/name/6962 774 0 $t1.$kBibliothèque de la Pléiade$w()174169 774 0 $t2.$kBibliothèque de la Pléiade$w()38164 830 0$aBibliothèque de la Pléiade.$0(OLS)http://semarc/title/42418 941 1 $a1 996 $6245$aLe mémorial de Sainte-Hélène$9(OLS)http://semarc/title/26253 996 $6260$aParis :$bGallimard$9(OLS)http://semarc/publisher/29952 LEADER 00978nam a2200253 i 4500 001 000000119837 003 CaOOAMICUS 005 20031106000000.0 008 031106s1985 it u000 u ita u 013 $a92531 040 $aSeMil$bita 100 1 $aMaritain, Jacques,$d<1882-1973>.$0(OLS)http://semarc/name/1393 245 10$aGeorges Rouault /$cJacques Maritain ; a cura di Giancarlo Galeazzi. 260 $aVicenza :$bLa Locusta,$cstampa 1985. 300 $a80 p. ;$c18 cm. 500 $aFondo Card. C.M. Martini. 600 14$aRouault, Georges <1871-1958>.$0(OLS)http://semarc/subject/17974 700 1 $aGaleazzi, Giancarlo.$0(OLS)http://semarc/name/4959 850 $aSeMil 852 $aSeMil$W1$xVenegono$y1$m3F II 359$j75044$B75044$CSeMilBibl$Z2$F101293 $81 941 1 $a4 961 $aOmaggio: Martini Card. Carlo Maria 996 $6245$aGeorges Rouault$9(OLS)http://semarc/title/176228 996 $6260$aVicenza :$bLa Locusta$9(OLS)http://semarc/publisher/31451